Score 0/68 Timer 06:00
1 Play Today
Hint Answer % Correct
✴ ____ do it (Nike) ✴JUST
96.5%
✴ The ____ a man can get (Gillette) ✴BEST
94.3%
✴ Melts in your mouth,
not in your ____ (M&M's) ✴
HAND
94.2%
Not softHARD
94.1%
In a race, coming after all othersLAST
93.4%
Sculpture of head, shoulders, chestBUST
93.3%
Bee homeHIVE
93.3%
Cardinal direction toward sunriseEAST
93.2%
Tenant's regular payment RENT
93%
Prepare a mealCOOK
92.9%
Magician's rodWAND
92.9%
✴ Like a ____ neighbor,
State Farm is there ✴
GOOD
92.9%
Not straightBENT
92.7%
To employHIRE
92.4%
Peter Pan's nemesisHOOK
92.3%
Precious metal (Au)GOLD
92.1%
Edible root, typically dark redBEET
91.9%
✴ What happens ____ stays ____
(Las Vegas) ✴
HERE
91.9%
✴ Can you ____ me now?
(Verizon) ✴
HEAR
91.6%
Natural movement of airWIND
91.5%
Vehicle's engine coverHOOD
91.4%
✴ Don't ____ with Texas ✴MESS
91.4%
✴ Where's the ____? (Wendy's) ✴BEEF
91.2%
Coral ridge just below ocean surfaceREEF
90.5%
Cattle groupHERD
90.3%
Hospital divisionWARD
89.9%
Jug stopperCORK
89.7%
To speak in a joking mannerJEST
89.6%
Not moreLESS
89.5%
✴ Once you pop, you can't ____ (Pringles) ✴STOP
89.1%
Sentence componentWORD
87.8%
✴ Sometimes you ____ like a nut (Mounds/Almond Joy) ✴FEEL
87.7%
To provide a mealFEED
87.5%
Roman Catholic ritualMASS
87.5%
Hint Answer % Correct
✴ Imagination at ____ (GE) ✴WORK
87.4%
Vegetables in a podPEAS
87.2%
✴ A ____ is a terrible thing to waste (UNCF) ✴MIND
87%
Household animalsPETS
87%
Storage cylinder for filmREEL
86.8%
Successfully treat a woundHEAL
86.7%
To cease work or movementREST
86.6%
Site of ore extractionMINE
86.5%
✴ It's the ____ thing (Coca Cola) ✴REAL
85.9%
Cautionary conjunctionLEST
85.8%
Strike with the open handSLAP
85.3%
✴ Live in your world, ____ in ours (Sony Playstation) ✴PLAY
85%
Narrow route through mountainsPASS
84.6%
Pay attentionHEED
84%
Comprehend written matterREAD
84%
Shakespeare's tragic kingLEAR
83.8%
Swine foodSLOP
83.1%
NBC's Tonight ____SHOW
82.4%
Gentle, quick touchesPATS
81.8%
To violently killSLAY
81.6%
✴ Good to the last ____
(Maxwell House) ✴
DROP
79%
Open meadowsLEAS
79%
To store cargo, gearSTOW
78.1%
Hew with an axeCHOP
78%
Food (informally)CHOW
76.9%
✴ Is it ____ or is it Memorex? ✴LIVE
76.1%
University in Clarksville, TN:
Austin ____
PEAY
75.1%
Fermented honey and waterMEAD
72.8%
Old Italian currencyLIRE
72.7%
Swampy, boggy groundMIRE
72.6%
To cut very shortCROP
71.6%
✴ ____ as Dell ✴EASY
64.6%
To blend, combineMELD
63.7%
To deprive of strength or vigorGELD
62.9%

Today's Daily Dose

Remove Ads.
Support Sporcle.
Get the best of Sporcle when you Go Orange. This ad-free experience offers more features, more stats, and more fun while also helping to support Sporcle. Thank you for becoming a member.

You're not logged in!

Compare scores with friends on all Sporcle quizzes.
OR
Log In

Show Comments

Extras

Top Quizzes Today


Score Distribution

Your Account Isn't Verified!

In order to create a playlist on Sporcle, you need to verify the email address you used during registration. Go to your Sporcle Settings to finish the process.

Report this User

Report this user for behavior that violates our Community Guidelines.

Details: